Представление документа в формате RUSMARC

ПолеНазваниеЗначение
  Тип записи a
  Библиографический уровень m
001 Контрольный номер 263998314b0544c5ac6934349bedf0d0
005 Дата корректировки 20140602145411.6
101 Язык документа 0_
a Язык текста rus
102 Страна публикации __
a Страна публикации RU
200 Заглавие и сведения об ответственности 1_
a Заглавие Методика профессиональной подготовки специалиста в области применения информационных технологий для управления учебным процессом
e Сведения, относящиеся к заглавию монография
f Первые сведения об ответственности А. В. Картузов
g Последующие сведения об ответственности АНО ВПО ЦС РФ РУК, Чебоксар. кооп. ин- т
210 Выходные данные 1_
c Издательство РИО ЧКИ РУК
a Место издания Чебоксары
d Дата издания 2007
215 Физическое описание __
a Объем 291, [1] с.
610 Ключевые слова 0_
a Ключевые слова педагогика
610 Ключевые слова 0_
a Ключевые слова профессиональная подготовка
610 Ключевые слова 0_
a Ключевые слова специалист
610 Ключевые слова 0_
a Ключевые слова информационные технологии
686 Индексы других классификаций __
a Классификационный индекс 74.580.24/29
2 Код системы rubbk
686 Индексы других классификаций __
a Классификационный индекс 32.973.202
2 Код системы rubbk
700 Автор _1
a Фамилия Картузов
b Имя А. В.
g Полное личное имя Александр Вячеславович
711 Наименование организации. (Альтернативная ответственность) 02
a Организация/ юрисдикция АНО ВПО ЦС РФ РУК
711 Наименование организации. (Альтернативная ответственность) 02
a Организация/ юрисдикция Чебоксар. кооп. ин-т
801 Источник записи _0
a Страна RU
b Организация РУК
c Дата составления 20080124
g Правила каталогизации PSBO
801 Источник записи _1
a Страна RU
b Организация РУК
c Дата составления 20080124
g Правила каталогизации PSBO
852 Данные о местонахождении __
j Шифр хранения ББК 32
i Авторский знак К 27
901 Тип документа __
t Тип документа m
938 Служебная информация __
a Название организации Головной вуз
b Имя БД BOOK
c Название АИБС АИБС ИРБИС